| 000 | 00688nam a2200217Ia 4500 | ||
|---|---|---|---|
| 005 | 20220203161803.0 | ||
| 008 | 210716s2006 xx 000 0 und d | ||
| 020 | _a8174464743 | ||
| 040 | _cAIMIT LIBRARY | ||
| 041 | _aeng | ||
| 082 |
_a658.4 _21 _bAQUP |
||
| 100 |
_aAquinas, P G. _916194 |
||
| 245 |
_aOrganizational behaviour : _bconcepts realities applications and challenges / _cBy P G Aquinas. |
||
| 250 | _a1st ed. | ||
| 260 |
_aNew Delhi : _bExcel Books , _c2006. |
||
| 300 |
_axiv, 427p ; _c27cm |
||
| 650 |
_aIndividual processes and behaviour _916195 |
||
| 650 |
_aThe organization system _916196 |
||
| 650 |
_aGroup behaviour _916197 |
||
| 942 |
_2ddc _cBK _e1st _k658.4 AQUP |
||
| 999 |
_c201283 _d201283 |
||